000 00899nam2a22002411 4500
001 v19\rc\1618060
005 20250618225725.0
035 _a(NLR Aleph) 004736151
090 _a4471572
_c4471572
100 _a20061002d1899 |||y0rusy50 ca
101 1 _arus
_ceng
102 _aRU
105 _aa z |||||
200 1 _aПоследний из могикан
210 _d1899
_aБ. м.
215 _a[6], 244 с.
_cил.
461 0 _1001v19\rc\1618058
_12001#$aСобрание сочинений$vТ. 2
_1700#1$aКупер$bД.Ф.$f1789-1851$gДжеймс Фенимор
_94471565
_aКупер, Д.Ф. (1789-1851)
_cСанкт-Петербург
_d1898-1899
_e[2-е изд.]
_nт-во М.О. Вольф
_tСобрание сочинений
_vТ. 2
801 0 _aRU
_bNLR
_gpsbo
801 0 _aRU
_bRuMoRGB
_2psbo
801 1 _aRU
_bProSoft-M
_2rusmarc
852 _aNLR
_j129/2412
942 _cBOOK
980 _aNB